| 000 | 00755nam a2200229 a 4500 | ||
|---|---|---|---|
| 001 | 48564 | ||
| 003 | BD-RjUL | ||
| 005 | 20211209054539.0 | ||
| 008 | 140816s1975 bg 000 p ben d | ||
| 020 | _c : Tk. 7.00 | ||
| 035 | _a(BD-RjUL)48683 | ||
| 040 |
_aBD-RjUL _cBD-RjUL _dBD-RjUL _bben |
||
| 041 | _aben | ||
| 082 | 0 | 4 |
_223 _a891.441 _bTAS 1975 |
| 100 | 1 |
_aতালুকদার, অরূপ _9146725 |
|
| 245 | 1 | 0 |
_aসেই নির্বাসন চাই / _cঅরূপ তালুকদার |
| 260 |
_aঢাকা : _bমুক্তধারা, _c১৯৭৫ |
||
| 300 |
_a৯০ পৃ. ; _c২০ সেমি. |
||
| 650 | 0 |
_aবাংলা কবিতা _99451 |
|
| 650 | 0 |
_aBengali poetry _9117526 |
|
| 942 |
_2ddc _cBK |
||
| 999 |
_c48564 _d48564 |
||